00228nam a2200085Ia 4500001000800000005001700008008004100025245005000066260002600116130054820260420095906.0260420s9999 xx 000 0 und d 0aBİTKİLER NASIL BÜYÜR?cEMMA HELBROUGH bTÜBİTAK YAYINLARI